Little fowers of St. Francis : (Record no. 4738)

MARC details
000 -LEADER
campo de control de longitud fija 00594ntaaa2200205 4500
003 - IDENTIFICADOR DE NÚMERO DE CONTROL
campo de control 01
005 - FECHA Y HORA DE LA ÚLTIMA TRANSACCIÓN
campo de control 20251027201046.0
008 - DATOS DE LONGITUD FIJA--INFORMACIÓN GENERAL
campo de control de longitud fija 0714s1973 ag 01
040 ## - FUENTE DE CATALOGACIÓN
Centro catalogador/agencia de origen AR-BaBN
Lengua de catalogación spa
Centro/agencia transcriptor AR-BaBN
Normas de descripción aacr
Centro/agencia modificador RIC
082 ## - NÚMERO DE LA CLASIFICACIÓN DECIMAL DEWEY
Número de clasificación 189 F84
100 ## - ENTRADA PRINCIPAL--NOMBRE DE PERSONA
Nombre de persona Francisco de Asís, Santo
9 (RLIN) 7972
245 ## - MENCIÓN DEL TÍTULO
Título Little fowers of St. Francis :
Resto del título the mirror of perfection /
Mención de responsabilidad, etc. Santo Francisco de Asís
250 ## - MENCION DE EDICION
Mención de edición 1 ed.
260 ## - PUBLICACIÓN, DISTRIBUCIÓN, ETC.
Lugar de publicación, distribución, etc. s.l. :
Nombre del editor, distribuidor, etc. J. M. Dent ,
Fecha de publicación, distribución, etc. c950
300 ## - DESCRIPCIÓN FÍSICA
Extensión xxii, 397 p.
500 ## - NOTA GENERAL
Nota general The life of St. Francis
650 ## - PUNTO DE ACCESO ADICIONAL DE MATERIA--TÉRMINO DE MATERIA
Término de materia o nombre geográfico como elemento de entrada Florecillas
9 (RLIN) 7973
650 ## - PUNTO DE ACCESO ADICIONAL DE MATERIA--TÉRMINO DE MATERIA
Término de materia o nombre geográfico como elemento de entrada Vida de Francisco de Asís
9 (RLIN) 7974
942 ## - ELEMENTOS DE ENTRADA SECUNDARIOS (KOHA)
Tipo de ítem Koha Colección General
Holdings
Estatus retirado Estado de pérdida Estado de daño No para préstamo Biblioteca de origen Biblioteca actual Fecha de adquisición Número de inventario Total de préstamos Signatura topográfica completa Código de barras Visto por última vez Precio de reemplazo Tipo de ítem Koha
        Biblioteca Pluis Biblioteca Pluis 27/10/2025 013432   189 F84 013432 27/10/2025 27/10/2025 Colección General